Business marketing management : B2B
| Language: | English |
|---|---|
| Edition: | 10th ed. |
| Subjects: |
| LEADER | 00609cam a2200205 7i4500 | ||
|---|---|---|---|
| 001 | 0000028510 | ||
| 005 | 20170218090000.0 | ||
| 008 | 110103 eng | ||
| 020 | |a 9780324581676 (hbk.) | ||
| 020 | |a 032458167x (hbk.) | ||
| 090 | 0 | 0 | |a HF5415.13 |b .H88 2010 |
| 245 | 1 | 0 | |a Business marketing management : |b B2B |c Michael D. Hutt, Thomas W. Spech. |
| 250 | |a 10th ed. | ||
| 300 | |a xxxiii, 634 p.: |b ill.; |c 26 cm. | ||
| 500 | |a Includes index | ||
| 650 | 0 | 0 | |a Marketing |
| 997 | |a Business & Accountancy, Faculty | ||
| 999 | |a 0000045683 |b BOK |c OPEN SHELF |e 1st Floor, Shah Alam | ||


